| 000 | 01508nam a2200457 i 4500 | ||
|---|---|---|---|
| 001 | 18693 | ||
| 003 | KOSZ 005 | ||
| 005 | 20210317124414.0 | ||
| 008 | 001120s1979 pl a f |000 0 pol | ||
| 015 | _aUWD 1979/8702 | ||
| 020 | _a832040102X | ||
| 035 | _a991015154909705066 | ||
| 035 | _a(PL-WaBN)b14070790-48omnis_nlop | ||
| 035 | _ab14070790 | ||
| 035 | _a(OCoLC)830278429 | ||
| 035 | _a(PL)b0000001407079 | ||
| 035 | _a(EXLNZ-48OMNIS_NETWORK)9910495926305606 | ||
| 040 |
_aWA N _cWa N _dKOSZ 005/HR |
||
| 041 | 0 | _apol | |
| 046 | _k1979 | ||
| 080 | _a621.3.049.77 | ||
| 080 | _a621.382 | ||
| 100 | 1 |
_aKorzec, Zdzisław _d(1929- ) _eAutor |
|
| 245 | 1 | 0 |
_aUkłady półprzewodnikowe : _banaliza i projektowanie przy użyciu maszyn cyfrowych / _cZdzisław Korzec. |
| 260 |
_aWarszawa : _bWydawnictwa Naukowo-Techniczne, _c1979. |
||
| 300 |
_a202 s. : _bil. ; _c30 cm. |
||
| 336 |
_aTekst _btxt _2rdacontent |
||
| 337 |
_aBez urządzenia pośredniczącego _bn _2rdamedia |
||
| 338 |
_aWolumin _bnc _2rdacarrier |
||
| 380 | _aKsiążki | ||
| 388 | _a1901-2000 | ||
| 388 | _a1945-1989 | ||
| 650 | 7 |
_aPółprzewodniki _2DBN |
|
| 650 | 7 | _aUrządzenia | |
| 650 | 7 | _aProjektowanie wspomagane komputerowo | |
| 658 | _aInżynieria i technika | ||
| 710 | 2 |
_aWydawnictwa Naukowo-Techniczne _4pbl |
|
| 856 |
_uhttp://koha.tu.koszalin.pl/cgi-bin/koha/opac-detail.pl?biblionumber=18693 _yKatalog online BPK |
||
| 942 |
_2UKD _cKS |
||
| 999 |
_c18693 _d18693 |
||